Statistics for Foods by Alternate Definition

Click here to take the quiz!

General Stats

  • This quiz has been taken 51,239 times
    (37,911 since last reset)
  • The average score is 12 of 20

Answer Stats

DefinitionWord% Correct
Color between red and yellowOrange
93%
Boat that can go underwaterSub
84%
A place where coins are madeMint
83%
Traffic congestionJam
76%
Unsolicited bulk e-mailSpam
76%
Person from New ZealandKiwi
75%
Brain-dead personVegetable
71%
Game similar to racquetballSquash
70%
Gambling tokenChip
69%
To salute with a raised beverageToast
68%
360 degree spin-out in a carDoughnut
58%
Foot callusCorn
47%
Crazy personNut
47%
Slang for steroidsJuice
42%
The top layer of best part of somethingCream
41%
Predicament; a sticky situationPickle
41%
FlattenPancake
40%
CowardlyChicken
35%
To hit the batter with a pitchBean
22%
Wasteful government spendingPork
20%

Score Distribution

Percentile by Number Answered

Percent of People with Each Score

Your Score History

You have not taken this quiz since the last reset